header

Mastering Autodesk Revit MEP 2013 (Record no. 107929)

MARC details
000 -LEADER
fixed length control field 01233nam a2200325Ia 4500
100 1# - MAIN ENTRY--AUTHOR NAME
Personal name Bokmiller, Don.
245 10 - TITLE STATEMENT
Title Mastering Autodesk Revit MEP 2013
260 ## - PUBLICATION, DISTRIBUTION, ETC. (IMPRINT)
Place of publication Indianapolis, IN :
Name of publisher WIley Pub. Inc.,
Year of publication c2012.
300 ## - PHYSICAL DESCRIPTION
Number of Pages xxix, 688 p. :
Other physical details ill.
500 ## - GENERAL NOTE
General note Includes index.
650 #0 - SUBJECT ADDED ENTRY--TOPICAL TERM
Topical Term Architectural design
Topical Term Plumbing drafting.
700 1# - ADDED ENTRY--PERSONAL NAME
Personal name Hristov, Plamen.
Personal name Whitbread, Simon,
856 40 - ELECTRONIC LOCATION AND ACCESS
Uniform Resource Identifier http://site.ebrary.com/lib/rucke/Doc?id=10587588

No items available.

© 2026 Rongo University
Contact us: librarian | system librarian | Rongo university